00594nam a2200205 a 4500001001300000003000900013005001700022008004100039020002300080082002200103100001700125245006900142260004300211300000800254500003500262505001000297650003400307650003000341700001700371nice12345678IN_TiNIC20260116013056.0050524s1997 lona grp 000 0 eng  a0415191 c47500a305.42091724bNAR aNarayan, Uma aDislocating Culturesb Identities, Traditions and World Feminism aLondon bRoutledge Chapman Hall c1997 a226 aincludes index and biblioraphy2 aIndex aFeminism-Developing Countries aWomen-Developing Countrie1 aNarayan, Uma